Investičná podpora podnikania v regiónoch

Aktuálne otázky investičnej podpory podnikania na Slovensku z pohľadu regionálneho kontextu. Základné formy podpory investovania v Slovenskej republike. Individuálna štátna pomoc investorom. Hlavné problémy poskytovania individuálnej štátnej pomoci investorom. Alternatívne formy podpory investičných...

Ausführliche Beschreibung

Gespeichert in:
Bibliographische Detailangaben
1. Verfasser: Hronec, Štefan
Weitere Verfasser: Marcineková, Zuzana
Format: Buchkapitel
Sprache:Slowakisch
Schlagworte:
Tags: Tag hinzufügen
Keine Tags, Fügen Sie das erste Tag hinzu!

MARC

LEADER 00000naa$a2200000$$$4500
001 0059747
005 20220322130619.7
041 0 |a slo 
044 |a SK 
245 1 0 |a Investičná podpora podnikania v regiónoch  |c Štefan Hronec, Zuzana Marcineková 
520 |a Aktuálne otázky investičnej podpory podnikania na Slovensku z pohľadu regionálneho kontextu. Základné formy podpory investovania v Slovenskej republike. Individuálna štátna pomoc investorom. Hlavné problémy poskytovania individuálnej štátnej pomoci investorom. Alternatívne formy podpory investičných zámerov. 
610 2 0 |a podpora podnikania 
610 2 0 |a investovanie 
610 2 0 |a investori 
610 2 0 |a pomoc štátna 
610 2 0 |a investície priame zahraničné 
610 2 0 |a regióny 
610 2 0 |a Slovensko 
100 1 |a Hronec, Štefan 
700 1 |a Marcineková, Zuzana